000 00612nam a22001815i 4500
001 48327
003 ES-MaACL
007 t|
008 950713s1872 sp ||||1| spa d
040 _aCAM
_bspa
_cCAM
100 1 _aDanvila y Collado, Manuel.
_942676
245 1 3 _aEl libro del propietario /
_cpor Manuel Danvila...; precedido de un prólogo por... Eduardo Pérez Pujol...
250 _a3ª ed.
260 _aMadrid :
_blibreria de Alfonso Durán,
_c1872 (
_fimprenta de T. Fortanet)
300 _aXV, [1] en bl., 1028 p. ;
_c23 cm.
700 1 _aPérez Pujol, Eduardo.
_991101
852 _aES-MaACL
_jB-5484
999 _c48327
_d48327